000 00290nam a2200109Ia 4500
008 220204s9999 xx 000 0 und d
082 _a543
_bKOL
245 0 _aTreatise on analytical chemistry. Part 1. 12 V
260 _aNew York
_bInterscience
_c1961
700 _aKolthoff, I M
942 _cBK
999 _c24001
_d24001